Grammar Quiz #3 - Statistics

General Stats
  • This quiz has been taken 991 times
  • The average score is 8 of 10
Answer Stats
Question Answer % Correct
I eat (alot/allot/a lot) of salad. A lot
98%
(There's/Theirs) a grey cat over there. There's
96%
(Whens/When/When's) (your/you're) anniversary? When's, your
93%
Sometimes (its/it's) nice to eat lollies. It's
90%
(Whose/who's/whos) your favourite character? Who's
90%
Jenna missed the meeting with the committee(;/:) she'll have to come to the next one instead. ;
86%
The lady (who/that) told me to tie my shoelaces was walking her dog. Who
86%
My (cousins/cousin's/cousins') birthday is tomorrow. She's turning 3. Cousin's
82%
Mozart was born in the (1750's/1750s/1750s') 1750s
58%
I have a very old book (which/that) is falling apart. That
50%
No matching quizzes found
Score Distribution
Percent of People with Each Score
Percentile by Number Answered
Your Score History
You have not taken this quiz